MARC details
| 000 -CABECERA |
| campo de control de longitud fija |
01022nam a2200253 a 4500 |
| 001 - NÚMERO DE CONTROL |
| campo de control |
000041961 |
| 005 - FECHA Y HORA DE LA ÚLTIMA TRANSACCIÓN |
| campo de control |
20201002035844.0 |
| 008 - DATOS DE LONGITUD FIJA--INFORMACIÓN GENERAL |
| campo de control de longitud fija |
131024s1997 xxuaf 001 0 spa d |
| 020 ## - NÚMERO INTERNACIONAL ESTÁNDAR DEL LIBRO |
| Número Internacional Estándar del Libro |
0393045633 |
| 040 ## - FUENTE DE LA CATALOGACIÓN |
| Centro catalogador/agencia de origen |
DO-SdBNP |
| Lengua de catalogación |
eng |
| Centro/agencia transcriptor |
BNPHU |
| 082 ## - NÚMERO DE LA CLASIFICACIÓN DECIMAL DEWEY |
| Número de clasificación |
xxx |
| Número de documento/Ítem |
xxx |
| 245 04 - MENCIÓN DE TÍTULO |
| Título |
The library of congress. : |
| Resto del título |
the art and architecture of the Thomas Jefferson Building / |
| Mención de responsabilidad, etc. |
edited, John Y. Cole, Henry Hope Reed; preface, Arthur Ross; foreword, James H. Billington; introductions, Daniel J. Boorstin, Brendan Gill; photography, Anne Day. |
| 260 ## - PUBLICACIÓN, DISTRIBUCIÓN, ETC. |
| Lugar de publicación, distribución, etc. |
New York, Estados Unidos, : |
| Nombre del editor, distribuidor, etc. |
Norton, |
| Fecha de publicación, distribución, etc. |
1997. |
| 300 ## - DESCRIPCIÓN FÍSICA |
| Extensión |
320 p. : |
| Otras características físicas |
il., lam. ; |
| Dimensiones |
31 cm. |
| 500 ## - NOTA GENERAL |
| Nota general |
In association with the library of congress |
| 504 ## - NOTA DE BIBLIOGRAFÍA, ETC. |
| Nota de bibliografía, etc. |
Bibliography p: 304-305 |
| 700 1# - PUNTO DE ACCESO ADICIONAL--NOMBRE DE PERSONA |
| Nombre de persona |
Day, Anne |
| Término indicativo de función/relación |
phot. |
| 9 (RLIN) |
68881 |
| 700 1# - PUNTO DE ACCESO ADICIONAL--NOMBRE DE PERSONA |
| Nombre de persona |
Cole, John Y. |
| Término indicativo de función/relación |
ed. |
| 9 (RLIN) |
68882 |
| 700 1# - PUNTO DE ACCESO ADICIONAL--NOMBRE DE PERSONA |
| Nombre de persona |
Hope Reed, Henry |
| Término indicativo de función/relación |
ed. |
| 9 (RLIN) |
68883 |
| 700 1# - PUNTO DE ACCESO ADICIONAL--NOMBRE DE PERSONA |
| Nombre de persona |
Ross, Arthur |
| Término indicativo de función/relación |
pre. |
| 9 (RLIN) |
68884 |
| 700 1# - PUNTO DE ACCESO ADICIONAL--NOMBRE DE PERSONA |
| Nombre de persona |
Billington, James H. |
| Término indicativo de función/relación |
for. |
| 9 (RLIN) |
68885 |
| 700 1# - PUNTO DE ACCESO ADICIONAL--NOMBRE DE PERSONA |
| Nombre de persona |
Boorstin, Daniel J. |
| 9 (RLIN) |
68886 |
| 700 1# - PUNTO DE ACCESO ADICIONAL--NOMBRE DE PERSONA |
| Nombre de persona |
Gill, Brendan |
| 9 (RLIN) |
68887 |